US-Bundesstaaten mit der größten Inderbevölkerung - Statistiken

Allgemein
  • Dieses Quiz wurde 165 mal gespielt
  • Das Durchschnittsergebnis liegt bei 6 aus 10
Antwortstatistiken
Anzahl der amerikanischen
Ureinwohner
Staat % Korrekt
170,972 Texas
87%
362,801 Kalifornien
86%
103,869 Washington
74%
296,529 Arizona
67%
106,906 New York
65%
193,222 New Mexico
61%
71,817 South Dakota
55%
321,687 Oklahoma
54%
104,871 Alaska
42%
122,110 North Carolina
24%
Keine übereinstimmenden Quizze gefunden
Verteilung der Resultate
Anzahl Personen mit jedem Resultat
Perzentil nach korrekt beantworteten Fragen
Ihre Resultats-Entwicklung
Sie haben dieses Quiz noch nicht gespielt